[Event "Sparkassen Open 2018"]
[Site "Heusenstamm"]
[Date "2018.11.22"]
[Round "1"]
[White "Nikolov, Momchil"]
[Black "Vakulenko, Oleksandr"]
[Result "1-0"]
[WhiteElo "2560"]
[BlackElo "1999"]
[Annotator "TA"]
[PlyCount "61"]
[EventDate "2018.11.22"]
[EventType "swiss"]
[EventCountry "GER"]

{[%evp 24,61,64,28,52,44,49,53,47,30,50,48,45,52,69,66,184,183,200,166,165,208,313,283,566,571,564,552,715,676,686,428,439,412,415,370,356,345,329,306]} 1. d4 d5 2. c4 e6 3. Nc3 Nf6 4. cxd5 exd5 5. Bg5 Be7 6. e3 c6 7. Bd3 Nbd7 {[%cal Bb8d7,Bd7f8,Bf8e6,Be6g5,Bg5e4][%mdl 32]} 8. Nf3 h6 9. Bf4 O-O 10. h3 Re8 11. O-O Nf8 12. Qc2 Ne6 13. Bh2 {LiveBook: 7 Games} Ng5 {With the idea ...Nxf3+. D36: Queen's Gambit Declined: Exchange Variation: Main line (5 Bg5 c6 6 Qc2)} 14. Ne5 Bf8 (14... Bd6 15. Rad1 Qe7 16. f4 Nge4 17. g4 Nxc3 18. bxc3 c5 19. Qg2 Be6 20. Kh1 Nh7 21. Bxh7+ Kxh7 {1-0 (44) Bu,X (2558)-Harikrishna,P (2504) Lausanne 2001}) 15. Rad1 Nge4 $146 {White is slightly better.} ({Predecessor:} 15... Nfe4 16. f4 f6 17. fxg5 fxe5 18. gxh6 exd4 19. Nxe4 dxe4 20. Bxe4 Qh4 21. Bh7+ Kh8 22. Rxf8+ Rxf8 23. hxg7+ Kxg7 24. Qg6+ Kh8 25. Be5+ {1-0 (25) Bekker Jensen,D (2310)-Koch,S (2201) Denmark 2009}) 16. Ne2 a5 17. f3 Nd6 18. Kh1 Nd7 19. e4 {[%cal Be3e4,Be4e5][%mdl 32]} Qg5 (19... Nb6 $14) 20. Nxd7 $18 Bxd7 21. e5 $36 {[%mdl 2048] Black is under strong pressure.} Nc4 {[#]} 22. f4 $1 {[%cal Rf4g5]} ({Don't play} 22. Bxc4 $6 dxc4 23. Qxc4 Be6 $14) 22... Qh5 (22... Qe7 $142) 23. Rf3 g6 $2 (23... Be7 {keeps fighting.} 24. f5 Bg5) 24. f5 Bxf5 25. Bxf5 gxf5 26. Nf4 Qh4 27. b3 Nxe5 28. dxe5 Rxe5 29. Bg3 Qg5 30. Qf2 {[#] Hoping for Bh4.} Rae8 31. Bh4 {Accuracy: White = 87%, Black = 43%.} 1-0

[Event "Sparkassen Open 2018"]
[Site "Heusenstamm"]
[Date "2018.11.22"]
[Round "1"]
[White "Sadzikowski, Daniel"]
[Black "Burkhardt, Holger"]
[Result "1-0"]
[WhiteElo "2544"]
[BlackElo "2005"]
[Annotator "TA"]
[PlyCount "75"]
[EventDate "2018.11.22"]
[EventType "swiss"]
[EventCountry "GER"]

{[%evp 16,75,50,10,32,37,51,25,19,15,37,3,10,0,30,30,35,26,29,29,35,34,38,27,29,23,49,51,36,44,66,66,69,68,68,68,65,65,61,64,66,59,73,62,70,60,71,61,74,31,155,155,155,146,294,275,445,439,434,429,29975,29975]} 1. c4 e5 2. g3 d6 3. Nc3 Be7 4. d4 Nd7 5. Nf3 Ngf6 6. Bg2 O-O 7. O-O c6 8. Qc2 Re8 9. Rb1 {LiveBook: 7 Games. A54: Old Indian Defence with Nf3, but without e4} (9. Rd1 Qc7 10. h3 a6 11. a4 a5 12. e4 Bf8 13. Be3 exd4 14. Nxd4 Ne5 15. b3 g6 16. Rd2 Ned7 17. Rad1 Nc5 18. Bg5 {1-0 (26) Wang,H (2743)-Topalov,V (2793) Stavanger 2013}) 9... a6 10. Rd1 Qc7 11. dxe5 $146 {White is slightly better.} ({Predecessor:} 11. b4 Nf8 12. Bb2 Bg4 13. h3 Bh5 14. e4 Ne6 15. Ne2 exd4 16. g4 Bg6 17. Nfxd4 Nxd4 18. Bxd4 {½-½ (30) Yurtaev,L (2520)-Kuzmin,G (2555) St Petersburg 1997}) 11... dxe5 12. b4 Nb6 13. Ng5 (13. c5 $5 {[%cal Rc5b6]} Nbd5 14. Bd2 $14) 13... h6 14. c5 hxg5 (14... Nc4 {keeps more tension.} 15. Nge4 Be6 16. Nxf6+ Bxf6 17. Ne4 Be7) 15. cxb6 Qxb6 16. Be3 ({Don't blunder} 16. Bxg5 $2 Ng4 $19) 16... Qc7 17. Bxg5 Be6 18. Bxf6 Bxf6 19. Nd5 Bxd5 20. Rxd5 Rad8 21. a4 Rxd5 22. Bxd5 Qd6 23. Be4 Rd8 24. e3 g6 25. b5 axb5 26. axb5 cxb5 27. Rxb5 b6 28. Kg2 Kg7 29. Qb2 Rb8 30. h4 Qc7 31. Qe2 Be7 32. h5 Rh8 {[#]} (32... f5 $1 $14) 33. hxg6 $1 $16 fxg6 34. Qg4 $36 {[%mdl 2048] Black is under strong pressure.} Rh6 (34... Qd6 $16 35. Rd5 Qf6) 35. Rd5 $18 {Black must now prevent Rd7.} Qc1 $2 {[#]} (35... Bd6 {was worth a try.} 36. Qd1 g5) 36. Rd1 $1 {[%cal Rd1c1]} Qc4 37. Rd7 Kf6 (37... Kf8 $18 38. Rb7 b5 39. Rb8+ Kg7) 38. Qf3+ {Accuracy: White = 69%, Black = 30%.} 1-0

[Event "Sparkassen Open 2018"]
[Site "Heusenstamm"]
[Date "2018.11.22"]
[Round "1"]
[White "Enchev, Ivajlo"]
[Black "Diehm, Alexander"]
[Result "1-0"]
[WhiteElo "2496"]
[BlackElo "1995"]
[Annotator "TA"]
[PlyCount "69"]
[EventDate "2018.11.22"]
[EventType "swiss"]
[EventCountry "GER"]

{[%evp 9,69,21,70,61,66,68,91,83,90,86,155,75,88,64,78,41,156,127,196,183,194,184,191,193,185,123,308,293,335,333,700,386,735,722,892,879,994,978,1004,1045,916,812,1005,955,1150,1022,1257,1255,1605,1552,1594,1555,1695,1548,1499,1461,1291,1208,29990,29991,29993,29992]} 1. e4 c5 2. Nf3 d6 3. Bc4 e6 4. O-O Nc6 5. Re1 g6 (5... Nf6 6. c3 Be7 7. d4 cxd4 8. cxd4 d5 9. exd5 exd5 10. Bb3 Bg4 11. Be3 Ne4 12. h3 Bh5 {½-½ (45) Bacrot,E (2712)-Kharlov,A (2604) playchess.com INT 2004}) 6. d4 {B30: Sicilian: 2...Nc6 3 Bb5, lines without ...g6} cxd4 7. Nxd4 Ne5 $146 ({Predecessor:} 7... Bg7 8. Nb5 Bf8 9. N1c3 a6 10. Nd4 Bg7 11. Be3 Nge7 12. Qd2 Bd7 {1-0 (24) Zhou,Y (2483)-Leung Ho Yan,A (1708) London 2013}) 8. Bb3 {White is better.} a6 9. f4 Nd7 (9... Nc6 $142) 10. Nc3 (10. Bxe6 $142 $1 fxe6 11. Nxe6) 10... Nc5 $16 11. Be3 $36 {[%mdl 2048] Black is under pressure.} Nf6 12. f5 gxf5 (12... Bd7 $14) 13. exf5 Nxb3 (13... e5 $16 {was worth a try.}) 14. axb3 $18 {fxe6 is the strong threat.} e5 15. Bg5 {Threatens to win with Bxf6.} Be7 16. Bxf6 Bxf6 {[#]} 17. Nd5 ({White should try} 17. Ndb5 $1 $18 {[%mdl 512]}) 17... Bg5 $2 (17... O-O $16) 18. Qh5 O-O 19. Nf3 {[%cal Bd4f3,Bf3d2,Bd2e4][%mdl 32]} Bf6 $2 (19... f6 20. h4 Bf4 21. Nxf4 exf4 22. Qg4+ Kh8 23. Qxf4 Rg8) 20. Nd2 Bg7 $2 (20... Bg5) 21. Ra4 {[%cal Ba1a4,Ba4h4,Bh4g4][%mdl 32]} f6 22. Rh4 h6 23. Rg4 Rf7 24. Ne4 Kf8 25. Re3 {And now Reg3 would win.} Qa5 26. c4 Qa1+ 27. Kf2 Qxb2+ 28. Kg3 Bd7 29. Nxd6 {[%csl Gd6][%cal Rh5f7][%mdl 64] Trapped Piece} Be8 30. Qg6 Rd7 31. Nxe8 Rxe8 32. Nxf6 {[%csl Gf6][%cal Rg6e8][%mdl 64] Double Attack} Rf7 33. Nxe8 {Threatening mate with Nd6.} Kxe8 34. Qe6+ Kf8 35. Rd3 {Accuracy: White = 73%, Black = 30%.} 1-0

[Event "Sparkassen Open 2018"]
[Site "Heusenstamm"]
[Date "2018.11.22"]
[Round "1"]
[White "Golubka, Petro"]
[Black "Muedder, Rafael"]
[Result "1/2-1/2"]
[WhiteElo "2461"]
[BlackElo "1994"]
[Annotator "TA"]
[PlyCount "64"]
[EventDate "2018.11.22"]
[EventType "swiss"]
[EventCountry "GER"]

{[%evp 19,64,-10,0,0,-7,-8,-4,-6,0,-6,0,-8,-6,-25,-17,-12,-11,-7,0,-52,-52,-62,0,-20,0,-63,-70,-67,-70,-61,-49,-53,-46,-60,-47,-68,0,0,8,0,0,0,0,0,0,0,0]} 1. e4 c5 2. Nf3 Nc6 3. c3 d5 4. exd5 Qxd5 5. d4 Bf5 6. Be2 {B22: Sicilian: 2 c3} cxd4 7. cxd4 Bxb1 8. Rxb1 e6 9. a3 Be7 10. Be3 Nf6 {LiveBook: 3 Games} 11. O-O O-O 12. Bd3 $146 ({Predecessor:} 12. b4 Qd8 13. Ne5 Nd5 14. Nxc6 bxc6 {0-1 (41) Navalgund,N (2351)-Amonatov,F (2632) Bhubaneswar 2017}) 12... Rfd8 13. Qe2 Qh5 14. Bb5 Bd6 15. h3 Ne7 16. Bg5 Ned5 17. Bc4 Rdc8 18. Bb3 h6 19. Bh4 (19. Bd2 $11) 19... Nf4 $15 20. Qe3 N4d5 (20... N6d5 $15 21. Qe4 Nf6 22. Bxf6 gxf6) 21. Qe1 Nf4 22. Qd1 (22. Qe3 $1 $11) 22... Qg6 {[%csl Gf4][%cal Rg6g2]} 23. Bg3 {[#]} Nxh3+ $1 {[%mdl 512]} 24. gxh3 {Black must now prevent Kh2.} Bxg3 25. fxg3 Qxg3+ {[%mdl 64] Double Attack} 26. Kh1 Qxh3+ 27. Nh2 Ne4 (27... Qh4 $15 28. Rg1 Rd8) 28. Rf3 $1 $11 {The position is equal.} Qh4 $132 {[%mdl 2048] aiming for ...Nf2+. Black is not keeping still} 29. Qe1 Qxe1+ $1 30. Rxe1 Nd2 31. Rd3 Nxb3 32. Rxb3 b6 {Accuracy: White = 52%, Black = 42%.} 1/2-1/2

[Event "Sparkassen Open 2018"]
[Site "Heusenstamm"]
[Date "2018.11.22"]
[Round "1"]
[White "Barski, Radoslaw"]
[Black "Altenbernd, Jannis-Domenik"]
[Result "1-0"]
[WhiteElo "2459"]
[BlackElo "1990"]
[Annotator "TA"]
[PlyCount "75"]
[EventDate "2018.11.22"]
[EventType "swiss"]
[EventCountry "GER"]

{[%evp 10,75,15,12,30,30,22,31,33,35,54,49,100,99,102,86,139,134,239,185,192,163,188,197,179,191,169,182,296,297,276,183,181,159,202,217,472,453,445,448,464,460,451,414,666,386,358,337,580,602,581,582,717,710,722,750,692,669,999,788,1510,1481,1403,1370,2396,2340,29995,29996]} 1. e4 c5 2. Nf3 d6 3. Bb5+ Nd7 4. c3 a6 5. Ba4 b5 6. Bc2 e5 {B51: Sicilian: Moscow Variation (3 Bb5+) without 3...Bd7} 7. O-O Be7 (7... Ngf6 8. d4 Be7 9. Nbd2 O-O 10. Re1 Bb7 11. Nf1 Re8 12. Ng3 Bf8 13. d5 c4 14. a4 {1-0 (47) Chigaev,M (2551)-Alekseenko,K (2552) St Petersburg 2016}) 8. d4 Bb7 {White is slightly better.} 9. Qe2 Qb6 {[%cal Rc5d4]} 10. Rd1 $146 ({Predecessor:} 10. Nbd2 Rc8 11. dxe5 dxe5 12. Rd1 Ngf6 13. Nf1 O-O 14. Ng3 {1-0 (51) Petraitis,G (2071)-Bitinas,A (2195) Marijampole 2000}) 10... Rd8 (10... Ngf6 $14) 11. d5 $16 Rb8 12. Be3 Bc8 ({Black should play} 12... Ngf6) 13. a4 Qb7 (13... Ngf6 $16 {was necessary.}) 14. Na3 Ngf6 15. Nd2 O-O 16. axb5 axb5 17. b4 cxb4 18. cxb4 Ne8 (18... Nb6 $142 19. Nb3 (19. Qxb5 Bd7 $16) 19... Bd7) 19. Bd3 $18 f5 {With the idea ...f4.} 20. f3 ({Weaker is} 20. Bxb5 f4 $16) ({Resist} 20. exf5 $6 Nc7 $18) 20... fxe4 21. fxe4 Nc7 22. Nb3 Ra8 $2 (22... Nf6) 23. Na5 Rxa5 24. bxa5 Nf6 {Black hopes to continue with ...Bg4.} 25. h3 Bd7 26. Rdb1 Rb8 {[#]} (26... Qc8 $142 27. Bb6 Bd8) 27. Nc4 $1 {[%mdl 512]} Be8 (27... bxc4 28. Rxb7) 28. Nb6 Nh5 $2 {[#]} (28... Bd8 29. Qf3 Be7) 29. a6 $1 Nxa6 30. Bxb5 Bxb5 31. Qxb5 Nc5 32. Bxc5 dxc5 33. Qc6 Nf6 {[#]} 34. Nc4 $1 Qxb1+ 35. Rxb1 Rxb1+ 36. Kh2 Rb4 37. Qe6+ Kf8 38. Nxe5 {Accuracy: White = 86%, Black = 29%.} 1-0

[Event "Sparkassen Open 2018"]
[Site "Heusenstamm"]
[Date "2018.11.22"]
[Round "1"]
[White "Zuyev, Igor"]
[Black "Krychevskiy, Dmytro"]
[Result "1-0"]
[WhiteElo "2435"]
[BlackElo "1986"]
[Annotator "TA"]
[PlyCount "45"]
[EventDate "2018.11.22"]
[EventType "swiss"]
[EventCountry "GER"]

{[%evp 13,45,24,76,44,49,46,43,39,154,154,164,158,158,166,188,183,237,219,270,263,195,199,224,225,234,235,332,280,507,481,633,589,683,668]} 1. e4 c6 2. d4 d5 3. exd5 cxd5 4. Bd3 Nf6 5. c3 Nc6 6. Bf4 Bg4 7. Qb3 Qb6 {LiveBook: 12 Games} (7... e5 $11 8. Bxe5 (8. dxe5 Nh5 $11) 8... Qe7) 8. h3 {B13: Caro-Kann: Exchange Variation and Panov-Botvinnik Attack} (8. Na3 g6 9. Nb5 e5 10. dxe5 Nh5 11. Be3 Qd8 12. Qxd5 Nb4 13. cxb4 Bxb4+ 14. Kf1 Bd7 15. Bc5 Bxc5 16. Qxc5 Bc6 17. Nd6+ Kd7 18. Be4 Qg5 19. Bxc6+ bxc6 20. Nf3 {1-0 (20) Chigaev,M (2555)-Maltsevskaya,A (2276) Khanty-Mansiysk 2017}) 8... Bh5 9. Qxb6 axb6 10. Na3 {[%cal Bb1a3,Ba3b5,Bb5c7][%mdl 32] White is slightly better.} e5 {[#]} (10... e6 $14) 11. Nb5 $1 $16 exf4 12. Nc7+ {[%mdl 64] Double Attack} Kd8 13. Nxa8 Nd7 14. Bf5 Ncb8 (14... Ne7 $142) 15. Kd2 $146 ({Predecessor:} 15. a4 Bd6 {1-0 (33) Van Son,L-Doescher,T Germany 2002}) 15... Bg6 16. Bxg6 hxg6 17. Nf3 Be7 {If Black can now play ...Nc6 this consolidates a bit.} 18. a4 {[%cal Ba2a4,Ba4a5][%mdl 32]} Nc6 {[#]} 19. b4 $1 g5 (19... Kc8 {was necessary.}) 20. a5 Rh5 $2 (20... b5 21. Kd3 Kc8) 21. Nxb6 $18 {White is clearly winning.} Nf6 22. Kc2 Kc7 23. Ne5 {Accuracy: White = 98%, Black = 26%.} 1-0

[Event "Sparkassen Open 2018"]
[Site "Heusenstamm"]
[Date "2018.11.22"]
[Round "1"]
[White "Andreev, Eduard"]
[Black "Diez, Gerhard"]
[Result "1-0"]
[WhiteElo "2425"]
[BlackElo "1984"]
[Annotator "TA"]
[PlyCount "61"]
[EventDate "2018.11.22"]
[EventType "swiss"]
[EventCountry "GER"]

{[%evp 10,61,27,28,83,47,69,38,37,5,172,162,123,70,87,71,97,118,137,126,353,338,329,355,347,145,179,177,196,184,177,193,277,286,261,258,261,262,362,264,257,237,360,341,329,326,390,250,783,785,768,768,29977,29972]} 1. e4 c5 2. Nf3 a6 3. c3 e6 4. d4 d5 5. e5 Bd7 6. Bd3 Bb5 {B28: Sicilian: 2 Nf3 a6 (O'Kelly Variation)} (6... Nc6 $11 {remains equal.}) (6... cxd4 7. cxd4 Bb5 8. Bc2 Bb4+ 9. Bd2 a5 10. a3 Bxd2+ 11. Qxd2 Ne7 12. Nc3 Ba6 13. h4 h6 14. Rh3 {1-0 (46) Eliseev,U (2582)-Artemiev,V (2673) Moscow 2016}) 7. Bc2 a5 8. Be3 Nd7 {White is slightly better.} 9. Nbd2 $146 ({Predecessor:} 9. Ng5 cxd4 10. Nxe6 fxe6 11. Qh5+ g6 12. Bxg6+ hxg6 13. Qxg6+ Ke7 14. Bg5+ {1-0 (42) Galstian,B (2448)-Ghane Gardeh,S (2375) Iran 2005}) 9... cxd4 $2 (9... Ba6 $11 {and Black has nothing to worry.}) 10. Nxd4 $18 Ba6 11. f4 ({White should play} 11. Nxe6 $1 $16 fxe6 12. Qh5+ {[%mdl 64] Double Attack} Ke7 13. Nf3) 11... g6 12. h4 Ne7 13. h5 $1 {[%cal Rh5g6] Threatens to win with hxg6.} Bg7 14. Qg4 Nc6 $2 (14... Qc7 $16 {might work better.} 15. hxg6 hxg6 16. Rxh8+ Bxh8) 15. hxg6 hxg6 16. Rxh8+ Bxh8 {[#]} 17. O-O-O (17. Nxe6 $1 $18 {[%mdl 512]} fxe6 18. Bxg6+ (18. Qxe6+ Kf8 $18) 18... Kf8 19. Qxe6) 17... Nxd4 18. Bxd4 Qe7 {[#]} 19. Bf2 $1 g5 20. Nf3 Be2 (20... gxf4 $142 21. Re1 (21. Qxf4 O-O-O $16) 21... Bc4) 21. Rh1 ({And not} 21. Qxg5 Qxg5 22. Nxg5 Bxd1 $15) 21... O-O-O 22. Qxg5 f6 23. Qg6 Bxf3 24. gxf3 fxe5 {[#]} 25. f5 $1 {And now Rh7 would win.} Nf8 (25... Bf6 $142 26. Rh7 Nf8 27. Rxe7 Nxg6 28. Rxe6 Bg5+ 29. Kb1 Rh8) 26. Qg4 Bf6 27. Bb6 {[%cal Bf2b6,Bb6a5,Ba5b6][%mdl 32]} Re8 28. Bxa5 {Ba4 is the strong threat.} exf5 $2 (28... Kb8 29. Kb1 d4) 29. Bxf5+ Kb8 30. Qa4 {Intending Bb6 and mate.} Qf7 31. Bb6 {Accuracy: White = 56%, Black = 32%.} 1-0

[Event "Sparkassen Open 2018"]
[Site "Heusenstamm"]
[Date "2018.11.22"]
[Round "1"]
[White "Geske, Julian"]
[Black "Steudel, Max"]
[Result "1-0"]
[WhiteElo "2382"]
[BlackElo "1951"]
[Annotator "TA"]
[PlyCount "101"]
[EventDate "2018.11.22"]
[EventType "swiss"]
[EventCountry "GER"]

{[%evp 19,101,52,76,15,39,41,52,45,43,35,66,20,43,45,50,50,79,50,121,100,106,98,91,106,152,131,158,147,160,96,133,131,301,307,445,-39,0,0,7,0,0,2,11,14,15,21,32,22,30,31,545,527,485,485,1048,1047,964,768,1021,992,5587,5587,5414,5414,4722,4718,2843,2827,2447,2215,2354,2354,2191,1934,5122,3731,29988,29989,29972,1395,29972,29973,5933,4637]} 1. e4 d5 2. exd5 Qxd5 3. Nc3 Qd8 4. d4 Nf6 5. Nf3 Bg4 6. h3 Bxf3 {B01: Scandinavian Defence} 7. Qxf3 c6 8. Be3 e6 9. Bd3 (9. O-O-O Bb4 10. Ne4 Nxe4 11. Qxe4 Qd5 12. Qxd5 cxd5 13. c4 dxc4 14. Bxc4 {1-0 (41) Dominguez Perez,L (2739)-Pichot,A (2552) chess.com INT 2018}) 9... Nbd7 10. O-O-O {[%cal Ba1d1,Bd1d2,Bd2e2][%mdl 32]} Bb4 {LiveBook: 10 Games} 11. Bd2 $146 (11. Ne2 $16) ({Predecessor:} 11. Ne4 Nxe4 12. Bxe4 Nf6 13. c4 Nxe4 14. Qxe4 {½-½ (29) Palac,M (2578)-Djukic,N (2528) Neum 2014}) 11... Nd5 12. Nxd5 Bxd2+ 13. Rxd2 cxd5 14. Re2 O-O 15. Qh5 {[%csl Gd3][%cal Rh5h7]} g6 16. Qh6 Qf6 17. Qe3 a6 18. g4 b5 ({Black should try} 18... Rae8 $14) 19. f4 Nb6 20. h4 Nc4 21. Qf2 Qe7 22. f5 Qb4 23. c3 Qd6 24. f6 (24. h5 $142) 24... h6 {[#]} 25. b3 $1 {[%cal Rb3c4]} Qa3+ $2 (25... e5 $16) 26. Kd1 $18 Rfb8 (26... Qa5 $142) 27. bxc4 $2 (27. Bxg6 $18 fxg6 28. f7+ (28. Rxe6 Nb2+ 29. Ke2 Rb7 $18) 28... Kh7 29. h5 (29. Rxe6 Nb2+ 30. Ke2 Na4 $18)) 27... bxc4 28. Bc2 $1 {Hoping for Qe3.} Qxc3 {...Qa1+ is the strong threat.} 29. Rhe1 Rb2 $1 {aiming for ...Rab8.} 30. Qe3 Qxe3 31. Rxe3 {White wants to play Ra3.} Rxa2 32. g5 $36 {[%mdl 2048] White is pushing.} h5 $1 33. Rc3 Rb8 34. Ree3 Rbb2 $2 {[%mdl 8192]} (34... Ra1+ $1 $14 35. Kd2 Rb6) 35. Kc1 Rb4 36. Ra3 Rxa3 (36... Rbb2 $142) 37. Rxa3 {[%mdl 4096] Endgame KRB-KR} Rb6 38. Ra1 e5 39. dxe5 Re6 40. Rb1 {White wants to mate with Rb8+.} d4 41. Rb8+ Kh7 42. Rf8 d3 43. Rxf7+ Kg8 44. Rg7+ {[%mdl 64] [#] Double Attack} Kf8 45. Bd1 Rxe5 46. Kd2 Re4 47. Bf3 Rxh4 48. Bd5 {[%csl Gd5][%cal Rg7g8]} Ke8 49. Rg8+ Kd7 50. f7 Rh2+ 51. Ke1 {Accuracy: White = 62%, Black = 40%.} 1-0

[Event "Sparkassen Open 2018"]
[Site "Heusenstamm"]
[Date "2018.11.22"]
[Round "1"]
[White "Kolker, Vladislav"]
[Black "Sumets, Andrey"]
[Result "0-1"]
[WhiteElo "1999"]
[BlackElo "2580"]
[Annotator "TA"]
[PlyCount "60"]
[EventDate "2018.11.22"]
[EventType "swiss"]
[EventCountry "GER"]

{[%evp 21,60,50,50,0,0,-4,4,4,13,23,2,5,22,-426,70,23,4,-11,0,0,0,0,0,0,0,-56,-63,-135,-62,-133,-39,-42,-22,-43,-39,-88,-49,-120,-122,-398,-385]} 1. e4 c5 2. Nf3 Nc6 3. d4 cxd4 4. Nxd4 e5 5. Nb5 d6 6. N1c3 a6 7. Na3 b5 8. Nd5 Nge7 9. c4 Nxd5 10. exd5 Nd4 11. cxb5 Be7 12. bxa6 {B32: Sicilian: Löwenthal and Kalashnikov Variations} (12. Bd3 $14) (12. Bd3 O-O 13. O-O f5 14. Be3 Nxb5 15. Nc4 Rb8 16. f3 Bb7 17. a4 Nd4 18. Bxd4 exd4 19. a5 Bxd5 20. Nb6 {0-1 (48) Martinez Alcantara,J (2561)-Naiditsch,A (2711) Linares 2018}) 12... Qa5+ $11 13. Qd2 Qxd5 14. Bb5+ $1 {The position is equal.} Bd7 15. Bxd7+ Kxd7 16. O-O Rhc8 {Hoping for ...Rxc1!} 17. b3 $146 {[%mdl 8192] [#]} (17. Qd3 $11 {and White is okay.}) ({Predecessor:} 17. Qd3 f5 18. Rd1 Qe4 19. Qf1 f4 {0-1 (31) Isaev,J (2416)-Doghri,N (2364) Turin 2006}) 17... Rxa6 $2 ({Black should try} 17... Rxc1 $1 $19 {[%mdl 512]} 18. Qd3 (18. Raxc1 Nf3+) 18... Rxf1+ 19. Kxf1 e4) 18. Nc4 (18. Qd3 $5 {[%cal Rd3a6]} Rcc6 19. Nc4 $11) 18... Ke8 19. Rd1 Qe4 20. Bb2 {[%cal Rb2d4]} Ne2+ 21. Kh1 {Black must now prevent f3.} Nf4 $1 {[%csl Gf4][%cal Re4g2]} 22. f3 Qb7 $1 23. Bc3 (23. Rac1 $11) 23... f6 $1 $15 24. Re1 (24. Na5 $15 Qd5 25. Qxd5 Nxd5 26. Rxd5 Rxc3 27. a4) 24... Kf8 ({Better is} 24... d5 $17 25. Nxe5 fxe5 26. Rxe5 Ng6 27. Rxd5 Rac6 28. Bxg7 Rc2) 25. Rad1 (25. Na5 $15 Qd5 26. b4) 25... Rca8 (25... d5 $17 26. Nxe5 fxe5 27. Rxe5 Kg8 28. Qxf4 Rxc3 29. Rexd5 Qc8) 26. Na5 Qc7 {[%cal Ra6a5]} 27. b4 d5 {[%cal Bd6d5,Bd5d4][%mdl 32]} 28. Rc1 {And now Bxe5 would win.} Qd7 {...d4 is the strong threat.} 29. Rcd1 (29. g3 $15 Nh3 30. Qe2) 29... d4 $17 30. Re4 $2 {[%mdl 8192]} (30. a3 $17) 30... Qb5 {Accuracy: White = 18%, Black = 40%.} 0-1

[Event "Sparkassen Open 2018"]
[Site "Heusenstamm"]
[Date "2018.11.22"]
[Round "1"]
[White "Berberich, Christoph"]
[Black "Noe, Christopher"]
[Result "0-1"]
[WhiteElo "1997"]
[BlackElo "2529"]
[Annotator "TA"]
[PlyCount "74"]
[EventDate "2018.11.22"]
[EventType "swiss"]
[EventCountry "GER"]

{[%evp 17,74,10,14,0,14,2,26,25,54,31,24,-29,57,27,30,44,36,39,110,83,172,150,187,141,149,139,159,136,140,146,162,172,138,-9,-10,-10,-10,-18,16,20,10,0,0,0,72,0,0,0,0,-235,0,-105,-102,-594,-585,-29993,-29994,-29994,-29995]} 1. d4 Nf6 2. Nf3 e6 3. c4 Bb4+ 4. Nbd2 O-O 5. a3 Bxd2+ 6. Bxd2 b6 7. Bg5 {[%cal Bd2g5,Bg5h4,Bh4g3][%mdl 32]} Bb7 8. e3 d6 9. Be2 Nbd7 {LiveBook: 28 Games} 10. Qc2 {E11: Bogo-Indian} (10. O-O h6 11. Bh4 Qe7 12. Nd2 c5 13. b4 e5 14. Re1 cxd4 15. exd4 Rfe8 16. Bd3 Qf8 17. d5 b5 18. Bxf6 Nxf6 19. Nf1 e4 20. Be2 Qe7 21. Qd4 Qe5 {½-½ (42) Fressinet,L (2646)-Fedorchuk,S (2618) Paris 2007}) 10... h6 11. Bh4 g5 12. Bg3 {White has an edge.} Ne4 13. O-O-O $146 ({Predecessor:} 13. h4 g4 14. Bf4 f5 {1-0 (52) Najdorf,M-Wexler,B Mar del Plata 1961}) 13... f5 14. Bd3 ({Better is} 14. d5) 14... Ndf6 (14... Qf6 $11) 15. Ne1 (15. d5 $5) 15... c5 16. f3 Nxg3 17. hxg3 cxd4 (17... Kg7 $14) 18. exd4 Rc8 (18... Kg7 $16) 19. Qe2 $18 (19. Rxh6 Kg7 $11) 19... Qd7 20. Rxh6 Kg7 21. Rh2 b5 22. Kb1 bxc4 23. Bxc4 Qa4 24. b3 $1 {[%cal Rb3a4]} (24. Bxe6 $2 Rfe8 $19) 24... Qa5 25. Qd2 (25. Qxe6 Rce8 $17) (25. Bxe6 $2 Rfe8 $19) ({White should play} 25. Nc2 $1 $16) 25... Qxd2 $11 26. Rxd2 Bd5 $36 {[%mdl 2048] Black is pushing.} 27. Rc2 a5 28. Nd3 a4 29. Bxd5 (29. Ka2 {seems wilder.} axb3+ 30. Kxb3 Rb8+ 31. Nb4 Rb7 32. Rh1) 29... Nxd5 30. bxa4 Rb8+ (30... Nc3+ $11 {remains equal.} 31. Kb2 Nxa4+ 32. Kb3 Rxc2 33. Kxc2 Rc8+ 34. Kb3 Rc3+ 35. Kxa4 Rxd3) 31. Nb2 (31. Ka2 $16) 31... Rf7 32. Ka2 Rfb7 33. Nc4 $2 (33. Nd1 $11 {and White is okay.}) 33... Rb1 $2 (33... Rb3 $19 {Strongly threatening ...Nc3+.} 34. g4 (34. Nxd6 {gets mated.} Nc3+ {[%mdl 64] Overworked Piece} 35. Rxc3 Rb2+ 36. Ka1 Rb1+ 37. Ka2 R8b2#) 34... fxg4 35. fxg4 Nc3+ 36. Rxc3 Rxc3 37. Nxd6 Rc2+ 38. Ka1 Rf8) 34. Rh5 (34. a5 $1 $11 Rf1 35. Nb6 (35. Nxd6 $2 Rf2 $19 {[%mdl 64] Back Rank}) 35... Nxb6 36. axb6 Rxb6 37. Rd2) 34... Re1 $17 35. Rxg5+ $2 {[%mdl 8192]} (35. Nb2 $17) 35... Kh6 $19 {( -> ...Re2)} 36. f4 {[#]} Re2 $3 {[%mdl 512]} 37. Nd2 {[#]} (37. Rxe2 Nc3+) 37... Rxd2 $1 {[%mdl 576] Back Rank. Accuracy: White = 29%, Black = 50%.} 0-1